100 Greatest Movies of All Time (Rotten Tomatoes) - Statistics

General Stats
  • This quiz has been taken 114 times
    79 since last reset
  • The average score is 25 of 100
Answer Stats
# Year Actor/Director Movie % Correct
3 1939 Judy Garland The Wizard of Oz
73%
5 2018 Chadwick Boseman Black Panther
71%
17 1972 Marlon Brando The Godfather
69%
7 2019 Russo Brothers Avengers: Endgame
65%
8 1942 Humphrey Bogart Casablanca
61%
2 1941 Orson Welles Citizen Kane
61%
6 2019 Bong Joon-ho Parasite
55%
48 1982 Steven Spielberg E.T. The Extra-Terrestrial
53%
26 2017 Gal Gadot Wonder Woman
53%
13 2018 Tom Cruise Mission: Impossible - Fallout
52%
11 2019 Tom Hanks Toy Story 4
52%
88 1960 Alfred Hitchcock Psycho
48%
42 2017 Chris Hemsworth Thor: Ragnarok
48%
99 1974 Al Pacino The Godfather Part II
45%
10 2019 Jordan Peele Us
45%
84 1979 Ridley Scott Alien
44%
78 2016 Emma Stone La La Land
42%
15 2017 Jordan Peele Get Out
40%
9 2019 Daniel Craig Knives Out
40%
27 2018 Bradley Cooper A Star Is Born
37%
20 2016 Mahershala Ali Moonlight
37%
47 1954 Alfred Hitchcock Rear Window
37%
52 1952 Gene Kelly Singin' in the Rain
37%
29 2018 John Krasinski A Quiet Place
35%
16 2019 Robert De Niro The Irishman
35%
28 2015 Amy Poehler Inside Out
34%
34 2017 Hugh Jackman Logan
34%
98 2017 Tom Holland Spider-Man: Homecoming
34%
12 2017 Saoirse Ronan Lady Bird
32%
75 2016 Casey Affleck Manchester by the Sea
32%
4 1936 Charlie Chaplin Modern Times
32%
70 2019 Brad Pitt Once Upon a Time in Hollywood
32%
39 2017 Mark Hamill Star Wars: The Last Jedi
32%
94 1964 The Beatles (Band) A Hard Day's Night
27%
71 2012 Ben Affleck Argo
27%
18 2015 Tom Hardy Mad Max: Fury Road
27%
72 2020 Jamie Foxx Soul
27%
38 2017 Christopher Nolan Dunkirk
26%
60 2015 J. J. Abrams Star Wars: Episode VII - The Force Awakens
26%
41 2017 Guillermo del Toro The Shape of Water
26%
14 2018 Spike Lee BlacKkKlansmen
24%
37 2017 Anthony Gonzalez Coco
24%
59 1954 Marlon Brando On the Waterfront
24%
81 2019 Jake Gyllenhaal Spider-Man: Far From Home
24%
69 2013 Chiwetel Ejiofor 12 Years a Slave
23%
1 1934 Clark Gable It Happened One Night
23%
79 1959 Alfred Hitchcock North by North West
23%
19 2018 Shameik Moore Spider-Man: Into the Spider-Verse
23%
51 2016 Amy Adams Arrival
21%
65 2013 Alfonso Cuarón Gravity
21%
32 1940 Alfred Hitchcock Rebecca
21%
25 2018 Alfonso Cuarón Roma
21%
49 1956 Akira Kurosawa Seven Samurai
21%
64 2014 Richard Linklater Boyhood
19%
57 2019 Scarlett Johansson Marriage Story
19%
97 2017 Ansel Elgort Baby Driver
18%
83 2016 Jason Bateman Zootopia
18%
85 1933 Fay Wray King Kong
16%
53 2018 Yorgos Lanthimos The Favourite
16%
46 1949 Orson Welles The Third Man
16%
61 1951 Gene Kelly An American in Paris
15%
82 2018 Craig T. Nelson Incredibles 2
15%
73 2020 Chadwick Boseman Ma Rainey's Black Bottom
15%
63 1927 Fritz Lang Metropolis
15%
43 2015 Mark Ruffalo Spotlight
15%
21 1950 Billy Wilder Sunset Boulevard
15%
58 2017 Kumail Nanjiani The Big Sick
15%
22 1950 Joseph L. Mankiewicz All About Eve
13%
33 2019 Beanie Feldstein Booksmart
13%
76 1922 Max Schreck Nosferatu, a Symphony of Horror
13%
68 2020 Elizabeth Moss The Invisible Man
13%
74 1921 Charlie Chaplin The Kid
13%
87 2018 Armie Hammer Call Me by Your Name
11%
77 1938 Errol Flynn The Adventures of Robinhood
11%
67 1941 Humphrey Bogart The Maltese Falcon
11%
24 1940 Cary Grant The Philadelphia Story
11%
40 1935 Groucho Marx A Night at the Opera
10%
90 1997 Kevin Spacey L.A. Confidential
10%
93 2018 Hugh Grant Paddington 2
10%
45 2014 Ava DuVernay Selma
10%
44 2019 Awkwafina The Farewell
10%
89 2020 George MacKay 1917
8%
55 1930 Lew Ayres All Quiet on the Western Front
8%
35 1940 Cary Grant His Girl Friday
8%
36 2020 Céline Sciamma Portrait of a Lady on Fire
8%
100 1967 Gillo Pontecorvo The Battle of Algiers
8%
23 1920 Werner Krauss The Cabinet of Dr. Caligari
8%
54 1944 Billy Wilder Double Indemnity
6%
31 2018 Bo Burnham Eighth Grade
6%
62 1946 William Wyler The Best Years of Our Lives
6%
91 2017 Willem Dafoe The Florida Project
6%
80 1944 Gene Tierney Laura
5%
30 2020 Regina King One Night in Miami
5%
86 1943 Alfred Hitchcock Shadow of a Doubt
5%
50 1938 Jean Renoir La Grande illusion
3%
56 1937 David Hand Snow White and the Seven Dwarfs
3%
66 2018 Ben Foster Leave No Trace
2%
95 2019 Viola Davis Widows
2%
96 2020 Eliza Hittman Never Rarely Sometimes Always
0%
92 2017 Woody Harrelson War for the Planet of the Apes
0%
No matching quizzes found
Score Distribution
Percent of People with Each Score
Percentile by Number Answered
Your Score History
You have not taken this quiz since the last reset